[Event "N1 Reykjavik Open 2014"]
[Site "Reykjavik, Iceland"]
[Date "2014.03.09"]
[Round "7.117"]
[White "Gautason, Kristofer"]
[Black "Finnsson, Johann Arnar"]
[Result "1-0"]
[WhiteElo "1677"]
[BlackElo "1471"]
[EventDate "2014.03.04"]
[PlyCount "0"]

1. e4 g6 2. d4 Bg7 3. Nf3 d6 4. Bd3 Nf6 5. O-O O-O 6. c3 Nc6 7. h3 Re8 8. 
Be3 e5 9. d5 Nb8 10. Qb3 Nbd7 11. Nbd2 b6 12. Bb5 a6 13. Bc6 Rb8 14. Rfe1 
Bb7 15. Ng5 Rf8 16. Bxb7 Rxb7 17. Qc2 Qb8 18. Rab1 Nc5 19. b4 Ncd7 20. c4 
Bh6 21. Nb3 Re8 22. Bd2 Qd8 23. Nxf7 Kxf7 24. Bxh6 Ng8 25. Be3 Qh4 26. Nd2
Ndf6 27. Nf3 Qxe4 28. Ng5+ Kg7 29. Nxe4 1-0

[Event "N1 Reykjavik Open 2014"]
[Site "Reykjavik, Iceland"]
[Date "2014.03.09"]
[Round "7.119"]
[White "Magnusson, Thorsteinn"]
[Black "Jonasson, Hordur"]
[Result "0-1"]
[WhiteElo "1234"]
[BlackElo "1526"]
[EventDate "2014.03.04"]
[PlyCount "60"]

1. c4 c5 2. g3 g6 3. Bg2 Bg7 4. Nc3 Nc6 5. e4 e5 6. Nge2 Nge7 7. O-O O-O 
8. a3 a6 9. Rb1 Rb8 10. b4 cxb4 11. axb4 b5 12. c5 d6 13. cxd6 Qxd6 14. 
Ba3 Rd8 15. Rb2 Be6 16. Nc1 Bc4 17. Re1 Bh6 18. d3 Bxd3 19. Nxd3 Qxd3 20. 
Qxd3 Rxd3 21. Rb3 Nd4 22. Bf1 Nxb3 23. Bxd3 Bd2 24. Re2 Bxc3 25. Rc2 Bd4 
26. Bb2 Bxb2 27. Rxb2 Nd4 28. Ra2 Ra8 29. Kf1 Nec6 30. Ke1 Nxb4 0-1